000 01753nam a2200361 c 4500
003 BLK
005 20240429094633.0
008 180413b bul|||||r ||||||| ||bul||
010 _aKNG00017276000
020 _a954-07-1074-Х
_bиздат.: Унив. изд. Св. Климент Охридски
040 _aBLK
041 _aBUL
_cBUL
080 _aПроза. Стихотворения в проза, импресии, миниатюри
_b82-3
_x.09
_z82-3.09
080 _aБългарска литература
_b821.163.2
_x.09
_z821.163.2.09
080 _aЧешка литература
_b821.162.3
_x.09
_z821.162.3.09
100 _aПавлов, Иван Александров
_d1944-2005
_gФилолог. Литературовед. Преводач от чешки език.
_9364944
139 _aПавлов, Иван Александров
_bП 13
245 1 0 _aНаративът и неговите литературни силуети
_cИван Александров Павлов.
257 _aBGR
260 София
_bУнив. изд. Св. Климент Охридски
_c1997
300 _a269 с.
_c20 см
380 _a82
500 _a565 тир.
650 4 _aПроза - теми и образи
_9260264
650 4 _aБългарска литература - влияние на народното творчество
_9255643
650 4 _aЧешка литература - влияние на народното творчество - сравнително-литературоведски изследвания
_9260265
852 _aЦб 192654
856 4 _qpdf
_u
856 4 _qpdf
_u
942 _cKNG
_n0
944 _aCR
_c15.01.2003
_k30560
_lГеновева Генчева
944 _aED
_c15.01.2003
_k
999 _c15490
_d15490